<?xml version="1.0" encoding="UTF-8"?><?xml-stylesheet type="text/xsl" href="static/style.xsl"?><OAI-PMH xmlns="http://www.openarchives.org/OAI/2.0/" xmlns:xsi="http://www.w3.org/2001/XMLSchema-instance" xsi:schemaLocation="http://www.openarchives.org/OAI/2.0/ http://www.openarchives.org/OAI/2.0/OAI-PMH.xsd"><responseDate>2026-04-27T21:42:14Z</responseDate><request verb="GetRecord" identifier="oai:uvadoc.uva.es:10324/43313" metadataPrefix="marc">https://uvadoc.uva.es/oai/request</request><GetRecord><record><header><identifier>oai:uvadoc.uva.es:10324/43313</identifier><datestamp>2021-06-30T03:49:52Z</datestamp><setSpec>com_10324_38</setSpec><setSpec>col_10324_852</setSpec></header><metadata><record xmlns="http://www.loc.gov/MARC21/slim" xmlns:doc="http://www.lyncode.com/xoai" xmlns:xsi="http://www.w3.org/2001/XMLSchema-instance" xmlns:dcterms="http://purl.org/dc/terms/" xsi:schemaLocation="http://www.loc.gov/MARC21/slim http://www.loc.gov/standards/marcxml/schema/MARC21slim.xsd">
<leader>00925njm 22002777a 4500</leader>
<datafield tag="042" ind1=" " ind2=" ">
<subfield code="a">dc</subfield>
</datafield>
<datafield tag="720" ind1=" " ind2=" ">
<subfield code="a">Fraile Sánchez, Cristina</subfield>
<subfield code="e">author</subfield>
</datafield>
<datafield tag="260" ind1=" " ind2=" ">
<subfield code="c">2020</subfield>
</datafield>
<datafield tag="520" ind1=" " ind2=" ">
<subfield code="a">La síntesis de fosfolípidos (PLs) y lisofosfolípidos (LPLs) tiene interés en el estudio&#xd;
de procesos inflamatorios donde están involucrados y, es por ello que, este trabajo de&#xd;
fin de grado tiene como objetivo la síntesis de una lecitina que porta dos cadenas&#xd;
alquílicas en las posiciones sn-1 y sn-2, en concreto, un residuo derivado del ácido&#xd;
araquidónico (20:3 (8,11,14) con un grupo hidroxilo en C5) en sn-1, y el ácido palmítico&#xd;
(16:0) en sn-2.&#xd;
El compuesto final se sintetiza a partir de 2-lisofosfatidilcolina (2-LPC) y un&#xd;
derivado del ácido araquidónico. A su vez, 2-LPC se obtiene a partir de sn-glicero-3-&#xd;
fosforilcolina (GPC) y cloruro de palmitoílo y, el derivado del ácido araquidónico, a partir&#xd;
de 2-octín-1-ol y anhídrido glutárico.</subfield>
</datafield>
<datafield tag="520" ind1=" " ind2=" ">
<subfield code="a">The synthesis of phospholipids (PLs) and lysophospholipids (LPLs) has interest in&#xd;
the study of inflammatory processes where they are involved and, for this reason, this&#xd;
final degree project has as objective the synthesis of a lecithin that carries two alkyl&#xd;
chains in the sn-1 and sn-2 positions, specifically, a residue derived from arachidonic&#xd;
acid (20:3 (8,11,14) with a hydroxyl group at C5) in sn-1, and palmitic acid (16:0) in sn-2.&#xd;
The final compound is synthesized from 2-lysophosphatidylcholine (2-LPC) and&#xd;
the arachidonic acid derivative. In turn, 2-LPC is obtained from sn-glycerol-3-&#xd;
phosphorylcholine (GPC) and palmitoyl chloride and, the derived from arachidonic acid,&#xd;
from 2-octin-1-ol and glutaric anhydride.</subfield>
</datafield>
<datafield tag="024" ind2=" " ind1="8">
<subfield code="a">http://uvadoc.uva.es/handle/10324/43313</subfield>
</datafield>
<datafield tag="245" ind1="0" ind2="0">
<subfield code="a">Síntesis de lecitinas derivadas de ácido araquidónico parcialmente oxidado</subfield>
</datafield>
</record></metadata></record></GetRecord></OAI-PMH>